1311 1351 1119 1163 1379 1759 1642 1680 1193 1768 1995 1211 1385 1045 1744 1325 1615 1763 1171 1454 1546 1221 1800 1099 1895 1600 1458 1646 1043 1780 1964 1842 1782 1313 1529 1504 1980 1263 1625 1773 1229 1409 1183 1531 1747 1014 1416 1289 1460 1151 1370 1064 1379 1129 1690 1524 1274 1607 1989 1684 1450 1446 1554 1064 1338 1002 1870 1057 1395 1253 1088 1004 1710 1821 1750 1433 1203 1066 1614 1771 1345 1660 1841 1464 1904 1320 1493 1356 1936 1901 1682 1886 1211 1643 1081 1776 1187 1641 1152 BCNSPRNW ULIB Ver.6.0+V

เปลี่ยนเป็นภาษาไทย

Change to English
 แสดงรายละเอียดบรรณานุกรม
  กลับหน้าหลัก

Brief Record : Get Marc (ISO 2709) : E-mail record : QR code < ปิดหน้าต่าง
LEADER : 00000nam 2200000uu 4500
001    13399128830
003     ULIB
008    241009s2566||||th 000 0 tha d
020    ^a9786164821132
060 04 ^aWA590^bอ864ก
100 0  ^aอุษา บิ้กกิ้นส์
245 10 ^aการสื่อสารเพื่อความรอบรู้ด้านสุขภาพชุมชน /^cอุษา บิ้กกิ้นส์
250    ^aพิมพ์ครั้งที่ 1
260    ^aกรุงเทพฯ :^bสำนักพิมพ์สถาบันบัณฑิตพัฒนบริหารศาสตร์,^c2566
300    ^a211 หน้า :^bภาพประกอบ ;^c26 ซม.
650  4 ^aการสื่อสารทางการแพทย์
650  4 ^aการส่งเสริมสุขภาพ
945    ^p500^l0^i011037
945    ^p500^l0^i011038
945    ^p500^l0^i011039
945    ^p500^l0^i011040
999    ^aประนอม เกษจรัล
รายการนี้ยังไม่มีแท็ก
คุณยังไม่ได้ล็อกอิน คุณสามารถมีกิจกรรมร่วมกับเว็บไซต์ได้ แต่ต้องล็อกอินก่อน ::
  ล็อกอิน

รายการสื่อสารสนเทศ

ลำดับที่ ประเภท เลขเรียก/บาร์โค้ด สถานที่ สถานะ
1. Book การพยาบาล
หนังสือสำรอง
สถานะ=หนังสือสำรอง
WA590 อ864ก ฉ.1 
  Barcode: 011037
ห้องสมุดวิทยาเขตสวรรค์ประชารักษ์
►หนังสือทั่วไป
บนชั้น
2. Book การพยาบาล
Book การพยาบาล
WA590 อ864ก ฉ.2 
  Barcode: 011038
ห้องสมุดวิทยาเขตสวรรค์ประชารักษ์
►หนังสือทั่วไป
บนชั้น
3. Book การพยาบาล
Book การพยาบาล
WA590 อ864ก ฉ.3 
  Barcode: 011039
ห้องสมุดวิทยาเขตสวรรค์ประชารักษ์
►หนังสือทั่วไป
บนชั้น
4. Book การพยาบาล
Book การพยาบาล
WA590 อ864ก ฉ.4 
  Barcode: 011040
ห้องสมุดวิทยาเขตสวรรค์ประชารักษ์
►หนังสือทั่วไป
บนชั้น

รายการใกล้เคียง
    หัวเรื่อง [การสื่อสารทางการแพทย์]
    หัวเรื่อง [การส่งเสริมสุขภาพ]

BibComment


ยังไม่เคยถูกคอมเมนท์

คอมเมนท์ทรัพยากรรายการนี้
  คอมเมนท์: การสื่อสารเพื่อค..


 Copyright 2026. Bcnsprnw @Library